000 00722nam a22001817a 4500
999 _c59490
_d59490
003 Ge_BSU
005 20230228164059.0
008 230228s1971 ge ||||| |||| 00| 0 geo d
041 _ageo
080 _a347.726 ჩ-59
100 _aჩიკვაშვილი, შ.
_917077
245 _aკანონი და საბინაო კოოპერაცია /
_cშ. ჩიკვაშვილი.
264 _aთბილისი :
_bსაბჭ. საქართველო,
_c1971.
300 _a157 გვ. ;
_b 20 სმ.
490 _aსოციალისტური კანონიერება
653 _aსაბინაო კოოპერაცია.
942 _2udc
_cBK